Normal view
MARC view
- Niedermiller-Chaffins, Debra
Entry Personal Name
001 - CONTROL NUMBER
- control field: 67795
003 - CONTROL NUMBER IDENTIFIER
- control field: NUST
005 - DATE AND TIME OF LATEST TRANSACTION
- control field: 20210628203914.0
008 - FIXED-LENGTH DATA ELEMENTS
- fixed length control field: 210628|| aca||aabn | a|a d
040 ## - CATALOGING SOURCE
- Original cataloging agency: NUST
- Transcribing agency: NUST
100 ## - HEADING--PERSONAL NAME
- Personal name: Niedermiller-Chaffins, Debra
670 ## - SOURCE DATA FOUND
- Source citation: Work cat.: (NUST): Niedermiller-Chaffins, Debra, Networking technologies , netware training guide, 1994
